MARC details
| 000 -CABECERA |
| campo de control de longitud fija |
01774nam a22002537a 4500 |
| 003 - IDENTIFICADOR DEL NÚMERO DE CONTROL |
| campo de control |
OSt |
| 005 - FECHA Y HORA DE LA ÚLTIMA TRANSACCIÓN |
| campo de control |
20260515115449.0 |
| 008 - DATOS DE LONGITUD FIJA--INFORMACIÓN GENERAL |
| campo de control de longitud fija |
260121b |||||||| |||| 00| 0 eng d |
| 022 ## - NÚMERO INTERNACIONAL NORMALIZADO PARA PUBLICACIONES SERIADAS |
| Número Internacional Normalizado para Publicaciones Seriadas |
1522-9076 |
| 022 ## - NÚMERO INTERNACIONAL NORMALIZADO PARA PUBLICACIONES SERIADAS |
| Número Internacional Normalizado para Publicaciones Seriadas |
1522-8916 |
| 040 ## - FUENTE DE LA CATALOGACIÓN |
| Centro catalogador/agencia de origen |
TBS |
| Lengua de catalogación |
EN |
| Centro/agencia transcriptor |
TBS |
| 041 ## - CÓDIGO DE LENGUA |
| Código de lengua del texto/banda sonora o título independiente |
eng |
| 100 ## - ENTRADA PRINCIPAL--NOMBRE DE PERSONA |
| Nombre de persona |
Asongu, Simplice A. |
| 9 (RLIN) |
26987 |
| Término indicativo de función/relación |
author |
| 245 ## - MENCIÓN DE TÍTULO |
| Título |
Challenges of doing business in Africa |
| Resto del título |
: a systematic review |
| Mención de responsabilidad, etc. |
/ Simplice A. Asongu, Nicholas M. Odhiambo. |
| 260 ## - PUBLICACIÓN, DISTRIBUCIÓN, ETC. |
| Nombre del editor, distribuidor, etc. |
Journal of African Business, |
| Fecha de publicación, distribución, etc. |
2019. |
| 300 ## - DESCRIPCIÓN FÍSICA |
| Extensión |
259-268 pages. |
| 362 ## - FECHAS DE PUBLICACIÓN Y/O DESIGNACIÓN SECUENCIAL |
| Fecha de publicación y/o designación secuencial |
Journal of African business, 2019-04, Vol.20 (2), p.259-268 |
| 520 ## - SUMARIO, ETC. |
| Sumario, etc. |
This paper provides a systematic review of challenges to doing business in Africa. It complements the extant literature by answering two critical questions: what are the linkages between the ease of doing business and economic development; and what are the challenges to doing business in Africa? In providing answers to these questions, the nexus between the ease of doing business and economic development is discussed in six main strands, namely: wealth creation and sharing; opportunities of employment; balanced regional and economic development; Gross Domestic Product (GDP) and GDP per capita; standards of living and exports. Moreover, challenges to doingbusiness are articulated along the following lines: (i) issues related to the cost of starting a business and doing business; (ii) shortage of energy and electricity; (iii) lack of access to finance; and (v) high taxes and low cross-border trade. |
| 630 #0 - PUNTO DE ACCESO ADICIONAL DE MATERIA--TÍTULO UNIFORME |
| Título uniforme |
MSc International Business |
| 9 (RLIN) |
26977 |
| 650 #0 - PUNTO DE ACCESO ADICIONAL DE MATERIA--TÉRMINO DE MATERIA |
| Término de materia o nombre geográfico como elemento de entrada |
Economic development |
| 9 (RLIN) |
9035 |
| 700 ## - ENTRADA AGREGADA--NOMBRE PERSONAL |
| Nombre de persona |
Odhiambo, Nicholas M. |
| 9 (RLIN) |
26988 |
| Término indicativo de función/relación |
author |
| 856 ## - LOCALIZACIÓN Y ACCESO ELECTRÓNICOS |
| Identificador Uniforme del Recurso |
<a href="https://research-ebsco-com.hub.tbs-education.fr/c/q5dvh4/viewer/pdf/radcefys6z">https://research-ebsco-com.hub.tbs-education.fr/c/q5dvh4/viewer/pdf/radcefys6z</a> |
| 942 ## - ELEMENTOS DE ENTRADA AGREGADA (KOHA) |
| Fuente del sistema de clasificación o colocación |
Clasificación de Library of Congress |